I quattro poeti italiani (Record no. 162775)
[ view plain ]
| 000 -LEADER | |
|---|---|
| campo de control de longitud fija | 01217nam a2200277 i 4500 |
| 001 - NÚMERO DE CONTROL | |
| campo de control | 162775 |
| 003 - IDENTIFICADOR DE NÚMERO DE CONTROL | |
| campo de control | ES-MaACL |
| 005 - FECHA Y HORA DE LA ÚLTIMA TRANSACCIÓN | |
| campo de control | 20251003181348.0 |
| 008 - DATOS DE LONGITUD FIJA--INFORMACIÓN GENERAL | |
| campo de control de longitud fija | 990701s1845 fr |||| |dita d |
| 080 ## - NÚMERO DE LA CLASIFICACIÓN DECIMAL UNIVERSAL | |
| Número de la Clasificación Decimal Universal | 821.131.1-14"12/15"(082.2) |
| 245 02 - MENCIÓN DEL TÍTULO | |
| Título | I quattro poeti italiani |
| Resto del título | : Dante, Petrarca, Ariosto y Tasso / |
| Mención de responsabilidad, etc. | edizione fatta quella di A. Buttura. |
| 260 ## - PUBLICACIÓN, DISTRIBUCIÓN, ETC. | |
| Lugar de publicación, distribución, etc. | Parigi : |
| Nombre del editor, distribuidor, etc. | Baudry, Libreria Europea, |
| Fecha de publicación, distribución, etc. | 1845 ( |
| Fabricante | Della stamperia di Crapelet) |
| 300 ## - DESCRIPCIÓN FÍSICA | |
| Extensión | II, 796 p. ; |
| Dimensiones | 19 cm. |
| 505 8# - NOTA DE CONTENIDO CON FORMATO | |
| Nota de contenido con formato | Contiene: La divina commedia / Dante - Le rime / Francesco Petrarca - L'Orlando furioso ; Satire ; Sonetti / Ludovico Ariosto - La Gerusalemme liberata ; l'Aminta / Torquato Tasso |
| 597 ## - NOTA DE DESCRIPCIÓN FÍSICA | |
| NOTA DE DESCRIPCIÓN FÍSICA | Texto a dos col. |
| 597 ## - NOTA DE DESCRIPCIÓN FÍSICA | |
| NOTA DE DESCRIPCIÓN FÍSICA | Contraport. con grab. |
| 650 #7 - PUNTO DE ACCESO ADICIONAL DE MATERIA--TÉRMINO DE MATERIA | |
| Término de materia o nombre geográfico como elemento de entrada | Poesía italiana- |
| Subdivisión cronológica | Hasta S.XIV |
| Fuente del encabezamiento o término | |
| 9 (RLIN) | 162150 |
| 650 #7 - PUNTO DE ACCESO ADICIONAL DE MATERIA--TÉRMINO DE MATERIA | |
| Término de materia o nombre geográfico como elemento de entrada | Poesía italiana- |
| Subdivisión cronológica | S.XVI |
| Fuente del encabezamiento o término | |
| 9 (RLIN) | 162151 |
| 700 1# - ENTRADA AGREGADA--NOMBRE PERSONAL | |
| Nombre de persona | Buttura, Antonio. |
| 9 (RLIN) | 32976 |
| 700 0# - ENTRADA AGREGADA--NOMBRE PERSONAL | |
| Nombre de persona | Dante Alighieri, |
| Fechas asociadas al nombre | 1265-1321. |
| Título de la obra | La divina commedia |
| 9 (RLIN) | 175737 |
| 700 1# - ENTRADA AGREGADA--NOMBRE PERSONAL | |
| Nombre de persona | Petrarca, Francesco. |
| 9 (RLIN) | 91528 |
| 700 1# - ENTRADA AGREGADA--NOMBRE PERSONAL | |
| Nombre de persona | Ariosto, Lodovico, |
| Fechas asociadas al nombre | 1474-1533 |
| 9 (RLIN) | 22846 |
| 700 1# - ENTRADA AGREGADA--NOMBRE PERSONAL | |
| Nombre de persona | Tasso, Torquato ( |
| Fechas asociadas al nombre | 1544-1595) |
| 9 (RLIN) | 109373 |
| 852 ## - LOCALIZACIÓN | |
| Ubicación | ES-MaACL |
| Número de control de estantería | B-3159 |
| Nota libre | - Enc. pasta española |
| Estatus retirado | Estado de pérdida | Estado de daño | No para préstamo | Colección | Biblioteca de origen | Biblioteca actual | Ubicación en estantería | Fecha de adquisición | Fuente de adquisición | Total de préstamos | Signatura topográfica completa | Código de barras | Visto por última vez | Precio de reemplazo | Tipo de ítem Koha |
|---|---|---|---|---|---|---|---|---|---|---|---|---|---|---|---|
| Libros del s. XIX | Biblioteca del Ateneo de Madrid | Biblioteca del Ateneo de Madrid | Sala Pardo Bazán | 17/01/2008 | B-3159 | 1170545 | 23/02/2023 | 23/02/2023 | Libro impreso antiguo |
